[Event "Pereira Fiestas de la Cosecha op"]
[Site "Pereira"]
[Date "2023.08.27"]
[Round "7"]
[White "Guzman Guacas, Daniel Stiven"]
[Black "Ramirez Perez, Jose Alexis"]
[Result "1/2-1/2"]
[WhiteElo "1411"]
[BlackElo "1685"]
[PlyCount "81"]
[EventDate "2023.08.24"]
[EventType "swiss"]
[EventRounds "7"]
[EventCountry "COL"]
[SourceTitle "EXT 2024"]
[Source "ChessBase"]
[SourceDate "2023.10.10"]
[SourceVersion "1"]
[SourceVersionDate "2023.10.10"]
[SourceQuality "1"]

1. c4 e5 2. Nc3 g6 3. g3 Bg7 4. Bg2 Ne7 5. d3 c6 6. Bg5 h6 7. Bxe7 Qxe7 8. Nf3 Na6 9. Rb1 0-0 10. 0-0 d6 11. Nd2 Nc7 12. b4 Bd7 13. a4 Ne6 14. b5 Rac8 15. Nb3 b6 16. Qc1 Nd4 17. e3 Ne6 18. Qa3 Nc5 19. Nxc5 dxc5 20. a5 cxb5 21. Nxb5 Bxb5 22. Rxb5 Qd6 23. Bd5 Bf6 24. axb6 axb6 25. Rfb1 Bd8 26. Qc1 Kg7 27. Qd1 Bc7 28. Qf3 f5 29. d4 cxd4 30. exd4 e4 31. Qe3 Rce8 32. f4 exf3 33. Qxf3 f4 34. R5b3 fxg3 35. Qxg3 Qd7 36. Qg2 Re7 37. Rf3 Rf5 38. Rxf5 Qxf5 39. Rf1 Qd3 40. Qf3 Qxf3 41. Rxf3 1/2-1/2

[Event "Pereira Fiestas de la Cosecha op"]
[Site "Pereira"]
[Date "2023.08.26"]
[Round "4"]
[White "Ramirez Perez, Jose Alexis"]
[Black "Pardo Sierra, Aurelio"]
[Result "0-1"]
[WhiteElo "1685"]
[BlackElo "1964"]
[PlyCount "84"]
[EventDate "2023.08.24"]
[EventType "swiss"]
[EventRounds "7"]
[EventCountry "COL"]
[SourceTitle "EXT 2024"]
[Source "ChessBase"]
[SourceDate "2023.10.10"]
[SourceVersion "1"]
[SourceVersionDate "2023.10.10"]
[SourceQuality "1"]

1. e4 c6 2. d4 d5 3. exd5 cxd5 4. Bd3 Nc6 5. c3 Qc7 6. Na3 a6 7. Nc2 Nf6 8. Ne2 e5 9. dxe5 Nxe5 10. Bf4 Bd6 11. Bxe5 Bxe5 12. h3 0-0 13. 0-0 b6 14. Qd2 Ne4 15. Qe3 Bb7 16. f3 Nc5 17. Ncd4 Rfe8 18. Qd2 Rad8 19. Rac1 Nxd3 20. Qxd3 Qc5 21. Kh1 Bb8 22. Qf5 Re5 23. Qd3 Rde8 24. Rc2 Bc8 25. b4 Qd6 26. f4 Re3 27. Qd1 Qh6 28. Rf3 R3e4 29. Qf1 Bg4 30. Rf2 Re3 31. Ng1 b5 32. Kh2 g5 33. g3 gxf4 34. gxf4 Kh8 35. Nde2 R8e4 36. Rd2 Be6 37. Rf3 Rxf3 38. Qxf3 Rxf4 39. Nxf4 Bxf4+ 40. Kg2 Bxd2 41. Ne2 Qg5+ 42. Kf2 Qf5 0-1

[Event "Pereira Fiestas de la Cosecha op"]
[Site "Pereira"]
[Date "2023.08.25"]
[Round "2"]
[White "Ramirez Perez, Jose Alexis"]
[Black "Torres, Jorge Emilio"]
[Result "0-1"]
[WhiteElo "1685"]
[BlackElo "1957"]
[PlyCount "56"]
[EventDate "2023.08.24"]
[EventType "swiss"]
[EventRounds "7"]
[EventCountry "COL"]
[SourceTitle "EXT 2024"]
[Source "ChessBase"]
[SourceDate "2023.10.10"]
[SourceVersion "1"]
[SourceVersionDate "2023.10.10"]
[SourceQuality "1"]

1. e4 c6 2. d4 d6 3. Bd3 Qc7 4. Na3 e5 5. dxe5 dxe5 6. Nc4 Be6 7. Nf3 f6 8. 0-0 Nd7 9. h3 0-0-0 10. Qe2 g5 11. Nh2 h5 12. Ne3 Ne7 13. Bd2 Ng6 14. Nc4 Nf4 15. Bxf4 gxf4 16. c3 Nc5 17. Bc2 Qg7 18. Rfd1 Rxd1+ 19. Rxd1 Bxh3 20. f3 Rg8 21. Rd2 Ne6 22. b4 Ng5 23. Bb3 Be6 24. Qd3 Qc7 25. Nd6+ Bxd6 26. Bxe6+ Nxe6 27. Qxd6 Qxd6 28. Rxd6 Re8 0-1

[Event "COL-ch Visually disabled"]
[Site "Cartagena"]
[Date "2019.12.03"]
[Round "2.7"]
[White "Ramirez Perez, Jose Alexis"]
[Black "Suaza, Yesid Rodrigo"]
[Result "0-1"]
[WhiteElo "1685"]
[BlackElo "1836"]
[PlyCount "97"]
[EventDate "2019.12.03"]
[EventType "swiss"]
[EventRounds "7"]
[EventCountry "COL"]
[SourceTitle "EXT 2024"]
[Source "ChessBase"]
[SourceDate "2023.10.10"]
[SourceVersion "1"]
[SourceVersionDate "2023.10.10"]
[SourceQuality "1"]

1. c4 e5 2. g3 Nf6 3. Bg2 c6 4. d4 exd4 5. Qxd4 Bb4+ 6. Bd2 Bxd2+ 7. Nxd2 0-0 8. e3 d5 9. Ne2 dxc4 10. 0-0 Bg4 11. f3 Qxd4 12. Nxd4 c3 13. bxc3 Bc8 14. Kf2 Na6 15. N2b3 Nc7 16. Rfc1 a5 17. a4 Re8 18. Rab1 Nd7 19. Nf5 Ne5 20. Nd6 Nd3+ 21. Kf1 Nxc1 22. Nxe8 Nxb3 23. Nxc7 Nd2+ 24. Ke2 Nxb1 25. Nxa8 Nxc3+ 26. Kd3 Nxa4 27. f4 Kf8 28. Kc4 Be6+ 29. Kd4 Ke7 30. Be4 c5+ 31. Kd3 c4+ 32. Kd4 b5 33. Nc7 Bd7 34. Bc2 Kd6 35. Nd5 Nc5 36. e4 Nb3+ 37. Kc3 Kc5 38. Bxb3 cxb3 39. Nc7 Kd6 40. Nd5 Be6 41. Ne3 Kc5 42. f5 Bc4 43. e5 b4+ 44. Kb2 Bd5 45. h4 a4 46. h5 a3+ 47. Ka1 b2+ 48. Kb1 Be4+ 49. Nc2 0-1

[Event "COL-ch"]
[Site "Bogota"]
[Date "2018.11.07"]
[Round "2"]
[White "Paladines Pinzon, Samuel"]
[Black "Ramirez Perez, Jose Alexis"]
[Result "0-1"]
[WhiteElo "1118"]
[BlackElo "1717"]
[PlyCount "69"]
[EventDate "2018.11.06"]
[EventType "swiss"]
[EventRounds "9"]
[EventCountry "COL"]
[SourceTitle "CBM 187 Extra"]
[Source "ChessBase"]
[SourceDate "2018.11.04"]
[SourceVersion "1"]
[SourceVersionDate "2018.11.04"]
[SourceQuality "1"]

1. e4 e5 2. Nf3 Nc6 3. Bb5 a6 4. Ba4 Nf6 5. d3 Bc5 6. 0-0 b5 7. Bb3 d6 8. Bg5 Bg4 9. Nbd2 h6 10. Bh4 g5 11. Bg3 Na5 12. a4 Nxb3 13. Nxb3 Bb6 14. axb5 axb5 15. Rxa8 Qxa8 16. Qa1 0-0 17. Qc1 Bxf3 18. gxf3 Nh5 19. Qd2 Nf4 20. Bxf4 gxf4 21. Kh1 Kh7 22. Ra1 Qc8 23. Rg1 Qh3 24. Qe2 c5 25. c4 bxc4 26. dxc4 Bd8 27. Nd2 Be7 28. Qf1 Qh5 29. Qg2 Bg5 30. Qg4 Qxg4 31. Rxg4 Rb8 32. b3 Ra8 33. Rg1 Ra2 34. Rd1 Bh4 35. Kg2 0-1

[Event "COL-ch"]
[Site "Bogota"]
[Date "2018.11.07"]
[Round "3"]
[White "Ramirez Perez, Jose Alexis"]
[Black "Lopez Ramirez, Jorge Hernan"]
[Result "0-1"]
[WhiteElo "1717"]
[BlackElo "1968"]
[PlyCount "106"]
[EventDate "2018.11.06"]
[EventType "swiss"]
[EventRounds "9"]
[EventCountry "COL"]
[SourceTitle "CBM 187 Extra"]
[Source "ChessBase"]
[SourceDate "2018.11.04"]
[SourceVersion "1"]
[SourceVersionDate "2018.11.04"]
[SourceQuality "1"]

1. e4 e5 2. Nf3 Nc6 3. d4 exd4 4. Nxd4 Qh4 5. Nc3 Bb4 6. Qd3 Nf6 7. Ndb5 Nxe4 8. g3 Qe7 9. Nxc7+ Kd8 10. N7d5 Nc5+ 11. Nxe7 Nxd3+ 12. Bxd3 Nxe7 13. Bd2 d5 14. 0-0-0 Bg4 15. Rde1 Bf3 16. Rhg1 Bc5 17. Re5 Bxf2 18. Rf1 Bd4 19. Rxe7 Kxe7 20. Rxf3 Rad8 21. Nb5 Bc5 22. c3 f6 23. Nd4 Kf7 24. Kd1 a6 25. Bf5 Rhe8 26. Bf4 Re7 27. Rd3 Rde8 28. Bg4 Re1+ 29. Kc2 Rh1 30. h4 Rh2+ 31. Kb1 b5 32. Nf3 Rh1+ 33. Kc2 h5 34. Bd7 Re2+ 35. Nd2 d4 36. cxd4 Bb4 37. a3 Ba5 38. d5 Bd8 39. d6 g5 40. Bc6 Rhh2 41. Bd5+ Ke8 42. hxg5 fxg5 43. d7+ Kxd7 44. Bf3+ Kc8 45. Rc3+ Kd7 46. Be3 Re1 47. Kb3 Rxe3 48. Rxe3 Rxd2 49. Bxh5 Bf6 50. Bg4+ Kd8 51. Kb4 Rd4+ 52. Ka5 Ra4+ 53. Kb6 Bd4+ 0-1

[Event "Bogota AlphaZero op"]
[Site "Bogota"]
[Date "2018.08.20"]
[Round "6"]
[White "Galeano Garcia, Juan Diego"]
[Black "Ramirez Perez, Jose Alexis"]
[Result "0-1"]
[WhiteElo "1545"]
[BlackElo "1717"]
[PlyCount "55"]
[EventDate "2018.08.17"]
[EventType "swiss"]
[EventRounds "7"]
[EventCountry "COL"]
[SourceTitle "CBM 186 Extra"]
[Source "ChessBase"]
[SourceDate "2018.08.24"]
[SourceVersion "1"]
[SourceVersionDate "2018.08.24"]
[SourceQuality "1"]

1. e4 e5 2. Nf3 Nc6 3. Bb5 a6 4. Bxc6 dxc6 5. 0-0 f6 6. Nxe5 fxe5 7. Qh5+ Ke7 8. Qxe5+ Be6 9. d3 Kd7 10. Nc3 Qf6 11. Qg3 Re8 12. e5 Qf5 13. Re1 Ne7 14. Ne4 Kc8 15. Be3 Qg4 16. Qxg4 Bxg4 17. Ba7 Nd5 18. Bd4 h6 19. c4 Nf4 20. Reb1 Ne2+ 21. Kf1 Nxd4 22. a4 Be2+ 23. Ke1 Bxd3 24. Rd1 Nc2+ 25. Kd2 Bxe4 26. Rab1 Rd8+ 27. Kc3 Bc5 28. b4 0-1

[Event "Bogota AlphaZero op"]
[Site "Bogota"]
[Date "2018.08.18"]
[Round "2"]
[White "Bastidas Aponte, Victor Alberto"]
[Black "Ramirez Perez, Jose Alexis"]
[Result "0-1"]
[WhiteElo "1430"]
[BlackElo "1717"]
[PlyCount "56"]
[EventDate "2018.08.17"]
[EventType "swiss"]
[EventRounds "7"]
[EventCountry "COL"]
[SourceTitle "CBM 186 Extra"]
[Source "ChessBase"]
[SourceDate "2018.08.24"]
[SourceVersion "1"]
[SourceVersionDate "2018.08.24"]
[SourceQuality "1"]

1. e4 e5 2. Nf3 Nc6 3. d4 exd4 4. Nxd4 Nf6 5. Nxc6 bxc6 6. Nc3 Bb4 7. Bd2 Qe7 8. f3 0-0 9. Bd3 d5 10. 0-0 Qe5 11. f4 Qd4+ 12. Kh1 Bg4 13. Ne2 Bxe2 14. Qxe2 Bxd2 15. e5 Ne4 16. Bxe4 dxe4 17. c3 Qe3 18. Qg4 Rad8 19. h4 Rd3 20. h5 Qg3 21. Qxg3 Rxg3 22. Kh2 Rd3 23. g4 e3 24. Kg2 e2 25. Rh1 Bxf4 26. Rae1 Rd2 27. Rh3 Rfd8 28. Rf3 Bg5 0-1